Loading...
| Literature - American Literature | 0 | 4 | 0 | 0 | 40 | 130 | 145.00 | 0 | 0 |
| Fine Arts - Other Fine Arts | 0 | 4 | 0 | 0 | 40 | 83 | 130.00 | 0 | 0 |
| Fine Arts - Classical Music | 0 | 3 | 2 | 1 | 20 | 116 | 137.33 | 0 | 0 |
| History - American History | 0 | 2 | 0 | 0 | 20 | 127 | 128.00 | 0 | 0 |
| History - Other History | 0 | 2 | 0 | 0 | 20 | 128 | 139.00 | 0 | 0 |
| Literature - British Literature | 0 | 2 | 0 | 0 | 20 | 127 | 134.50 | 0 | 0 |
| Science - Biology | 0 | 2 | 0 | 1 | 20 | 125 | 139.00 | 0 | 0 |
| Science - Physics | 0 | 1 | 0 | 0 | 10 | 130 | 130.00 | 0 | 0 |
| History - European History | 0 | 1 | 0 | 0 | 10 | 119 | 119.00 | 0 | 0 |
| Science - Chemistry | 0 | 1 | 0 | 0 | 10 | 134 | 134.00 | 0 | 0 |
| Literature - World Literature | 0 | 2 | 2 | 1 | 10 | 147 | 149.00 | 0 | 0 |
| Science - Other Science | 0 | 1 | 0 | 0 | 10 | 123 | 123.00 | 0 | 0 |
| Religion | 0 | 1 | 0 | 0 | 10 | 138 | 138.00 | 0 | 0 |
| History - World History | 0 | 1 | 1 | 0 | 5 | 142 | 142.00 | 0 | 0 |
| Literature - European Literature | 0 | 1 | 1 | 0 | 5 | 94 | 94.00 | 0 | 1 |
| Philosophy | 0 | 1 | 1 | 0 | 5 | 133 | 133.00 | 0 | 0 |
| Fine Arts - Painting & Sculpture | 0 | 1 | 1 | 0 | 5 | 106 | 106.00 | 0 | 0 |